| 000 | 00968nam0a22002531 4500 | ||
|---|---|---|---|
| 001 | rc\3025077 | ||
| 005 | 20250806201502.0 | ||
| 035 | _a(NLR Aleph) 007166544 | ||
| 090 |
_a24610 _c24610 |
||
| 100 | _a20110929d1944 u y0rusy50 ca | ||
| 101 | 0 | _arus | |
| 102 | _aRU | ||
| 105 | _aa z ||||| | ||
| 200 | 1 |
_aЭлектрический расчет трансляционных сетей вещания _eУпр. учеб. заведениями НКСвязи СССР допущено в качестве учеб. пособия для втузов связи _fМ.С. Орлов |
|
| 210 |
_aМосква _cСвязьиздат _d1944 |
||
| 215 |
_a239 с. _cчерт. _d21 см |
||
| 700 | 1 |
_aОрлов _bМ.С. _gМихаил Сергеевич |
|
| 801 | 0 |
_aRU _bNLR _gpsbo |
|
| 801 | 1 |
_aRU _bELAR _2rusmarc |
|
| 852 |
_aNLR _jТ94 Г-3/15 |
||
| 942 | _cBOOK | ||
| 945 | _aРоссийская национальная библиотека | ||
| 980 | _aNB | ||
| 980 | _aBV | ||